00909cam a22002651 4500001001300000003000400013005001700017008004100034010001700075035002000092040002300112042001200135043001200147050002300159060002300182082001200205110004100217245020400258260002400462300001000486490005700496650002700553650002500580740003800605e 42000261 DLC20260227111231.0810725s1941 xx 000 0 eng  ae 42000261  a(OCoLC)14749298 aDLCcDNLMdLUdDLC apremarc an-us-la00aL154b.B32 no. 4560 aQU 145bL888s 1941 a371.7161 aLouisiana.bDepartment of Education.10aSuggestions for improving health and nutrition through the school lunch program in Louisiana.bPrepared under the direction of the Home Economics Division of the Dept. of Instruction and Supervision. aBaton Rouge,c1941. a34 p.0 aLouisiana. Dept. of Education. Bulletin,vno 456 0aSchool childrenxFood. 0aChildrenxNutrition.0 aSchool lunch program in Louisiana